000 00701nam a22001337a 4500
040 _cRUA
082 _aVEM SRE 2014 B459 Or.1
100 _aSRENG VUTHY ; ស្រេង វុទ្ធី
245 _aEffect of pyrantel on toxocara in dogs at chamkar leu, kampong cham province , ប្រសិទ្ធភាព Pyrantel ក្នុងការទម្លាក់បរាសិត Toxocara នៅលើសុនខក្នុងស្រុកចំការលើ ខេត្ត កំពង់ចាម
260 _aPhnom Penh
_bRUA
_c2014
300 _aix ; 35p.
_bill.
_c29cm.
856 _uhttps://drive.google.com/file/d/1GXkPuut89PFxKOq6I9FddLUnBBnF3AHW/view?usp=sharing
942 _cVEM
999 _c7567
_d7567